Analysis of Success Factors of Businesses on the Slovak Market

Saved in:
Bibliographic Details
Main Author: Dorčák, Peter, 1979-
Other Authors: Pollák, František, 1985-
Format: Book Chapter
Language:English
Tags: Add Tag
No Tags, Be the first to tag this record!

MARC

LEADER 00000naa a2200000 4500
001 0226757
005 20240502083607.5
041 0 |a eng 
044 |a CZ 
245 1 0 |a Analysis of Success Factors of Businesses on the Slovak Market  |c Peter Dorčák, František Pollák 
100 1 |a Dorčák, Peter, 1979- 
700 1 |a Pollák, František, 1985-